| 000 | 00435nam a2200109Ia 4500 | ||
|---|---|---|---|
| 008 | 170221s9999 xx 000 0 und d | ||
| 100 | _aCherry, Michael. | ||
| 245 | _aAccounting for Trust: A Conceptual Model for the Determinants of Trust in the Australian Public Accountant – SME Client Relationship | ||
| 245 | _cMichael Cherry. | ||
| 650 | _xBusiness | ||
| 856 | _uhttp://ro.uow.edu.au/cgi/viewcontent.cgi?article=1696&context=aabfj | ||
| 999 |
_c307393 _d307393 |
||